Monuments d'Auvergne-Rhône-Alpes - mort subite - Statistiques

Statistiques générales
  • Ce quiz a été pris 88 fois
  • Le résultat moyen est 4 sur 18
Answers on the Grid
Answers color-coded by a green-red scale on the quiz's grid according to % correct below.
Monastère royal de Brou
Basilique de Fourvière
Monastère de la Grande Chartreuse
Centre thermal des Dômes
Cité médiévale de Montferrand
Statue de Vercingétorix sur la place de Jaude
Fontaine des Éléphants
Place Bellecour
Château d'Yvoire
Palais de l'Isle
Palais idéal du facteur Cheval
Fort de la Bastille
Temple d’Auguste et de Livie
Cité médiévale de Pérouges
Statue de Notre-Dame de France
Amphithéâtre des trois Gaules
Tour de Crest
Viaduc de Garabit
Palais des Papes
Hospices de Beaune
Cité internationale de la tapisserie
Citadelle de Briançon
Cité médiévale de Mirepoix
Abbaye de Cluny
Bibracte
Site archéologique d'Alésia
Cathédrale Vieux-Saint-Vincent de Mâcon
Cité religieuse de Rocamadour
Château de Guédelon
Le Castillet
Maison carrée
Viaduc de Millau
Pont du Gard
Bibliothèque Humaniste
Saline royale d'Arc-et-Senans
Place de la Bourse
 
Statistiques - réponses
Réponse % Correct
Basilique de Fourvière
52%
Place Bellecour
52%
Statue de Vercingétorix sur la place de Jaude
34%
Palais idéal du facteur Cheval
33%
Cité médiévale de Montferrand
29%
Tour de Crest
29%
Monastère de la Grande Chartreuse
26%
Centre thermal des Dômes
24%
Fort de la Bastille
24%
Château d'Yvoire
22%
Viaduc de Garabit
22%
Amphithéâtre des trois Gaules
21%
Cité médiévale de Pérouges
21%
Fontaine des Éléphants
12%
Temple d’Auguste et de Livie
10%
Palais de l'Isle
9%
Monastère royal de Brou
7%
Statue de Notre-Dame de France
5%
Aucun quiz correspondant
Distribution des résultats
% des personnes avec chaque résultat
Percentile par nombre de réponses
Votre historique - résultats
Vous n’avez pas pris ce quiz